00922nam a22002897a 450000100060000000300090000600500170001500700060003200800350003801600100007302000150008304000220009810000250012024000220014524500680016726000350023530000280027049000330029850000390033170000310037083000330040194200120043494500270044695201050047395600390057899900150061715714DO-SdBNP20180222104432.015714880427s1985 sp a spa 7 2BPMSU a8471769867 aBPMSUbspacBPMSU1 aBrightfield, Richard1 aThe deadly shadow10aSombra mortal /cRichard Brightfield ; ilustraciones Don Hedin 1 aBarcelona: bTimun Mas,c1986. a118 p.;bil.: c18 cm, 1 aElige tu propia aventurav33 aTraducción de: The deadly shadow1 aHedin, Doneilustración  0aElige tu propia aventurav33 2ddccBK aInventariado, 2018/ YL 00102ddc40708CI-GaBPMETbBPMETd2015-11-23eFUNDIl0pBPMSU15110440r2015-11-23w2015-11-23yBK aVMATEO2103201511236BPMSU800151 c8869d8869